| 000 | 00669nam a2200217Ia 4500 | ||
|---|---|---|---|
| 001 | 5784 | ||
| 003 | GE_BSU | ||
| 008 | 181216s||||||||xx |||||||||||||| ||und|| | ||
| 040 | _cGE_BSU | ||
| 080 | _a696.2(075.8) | ||
| 100 | _aმუსერიძე, ა. | ||
| 245 | _aაირმომარაგება. 1 ნაწილი | ||
| 245 | _cრედ. ქებულაძე, ალ. | ||
| 260 | _aთბილისი | ||
| 260 | _bგანათლება | ||
| 260 | _c1974 | ||
| 300 | _a188 გვ. ნახაზ. 20სმ. | ||
| 300 | _eბიბლიოგრ.: 185გვ. | ||
| 653 | _aაირმომარაგება | ||
| 942 | _cBK | ||
| 999 |
_c39198 _d39198 |
||